A história da música (Registo nº 42)

Detalhes MARC
000 -Etiqueta do registo
Cabeçalho 01028cam a2200349 4500
005 - Identificador da versão
Campo de controlo 20240813121753.0
010 ## - Número internacional normalizado dos livros (ISBN)
Número (ISBN) 9720704896
021 ## - Número do Depósito Legal
Código do país PT
Número 168282/01
035 ## - Other System Control Numbers
System Control Number 0000045
System Control Number 0000045
System Control Number 0000045
System Control Number 0000045
100 ## - Dados gerais de processamento
Dados gerais de processamento 20020312d2001 m y0pory5003 ba
102 ## - Pais de publicação ou produção
País de publicação Portugal
101 1# - Língua de publicação
Língua do texto, banda sonora, etc. Português
Língua do documento no original Italiano
106 ## - Campo de dados codificados: material textual
Dados codificados do material textual r
105 ## - Campo de dados codificados: livros
Dados codificados dos livros a z 001yy
215 ## - Descrição física 
Indicação específica da natureza do documento e extensão da espécie 123 p.
Outras indicações físicas muito il.
Dimensões 30 cm
200 1# - Titulo e menção de responsabilidade
Título próprio A história da música
Informação de outro título sons, instrumentos, protagonistas
Primeira menção de responsabilidade texto Stefano Catucci
Outras menções de responsabilidade il. Manuela Cappon... [et al.]
-- trad. Maria Arminda Teixeira
205 ## - Menção da edição
Menção da edição [1ª ed.]
210 ## - Publicação, Distribuição, etc. 
Lugar da edição, distribuição, etc. Porto
Nome do editor, distribuidor, etc. Porto Editora
Data da publicação, distribuição, etc. 2001
304 ## - Notas relativas a título e menção de responsabilidade 
Texto da nota Tít. orig.: La storia della musica
606 ## - Nome comum usado como assunto
Número de registo de entrada de autoridade 0000126
Palavra de ordem Música
Subdivisão de assunto História
Código do sistema SIPOR
675 ## - Classificação Decimal Universal (CDU)
Notação 78(091)
Edição BN
Língua da edição por
702 ## - Nome de autor-pessoa física (responsabilidade secundária)
Número de registo de entrada de autoridade 0000130
Palavra de ordem Teixeira
Outra parte do nome não tomada para palavra de ordem Maria Arminda
Código de função Tradutor
701 ## - Nome de autor-pessoa física (co-responsabilidade principal)
Palavra de ordem Cappon
Outra parte do nome não tomada para palavra de ordem Manuela
Código de função Ilustrador / Técnico de desenho computorizado
700 ## - Nome de autor-pessoa física (responsabilidade principal)
Número de registo de entrada de autoridade 0000128
Palavra de ordem Catucci
Outra parte do nome não tomada para palavra de ordem Stefano
966 ## - Identificação da Biblioteca
Sigla NUMETECA
942 ## - Elementos de entrada adicionados (Koha)
Tipo de item no Koha Livro
Exemplares
Situação do levantamento Origin of item (home branch) (coded) Biblioteca de empréstimo Código de barras Cota Circulation type (not for loan) Tipo de documento Nota do exemplar Damaged status
  Biblioteca Escolar Eng. Nuno Mergulhão Biblioteca Escolar Eng. Nuno Mergulhão BENM972 78MUS CAT   Livro Sem mensagem